| 000 | 01269nam a22002897a 4500 | ||
|---|---|---|---|
| 003 | OSt | ||
| 005 | 20250320221312.0 | ||
| 008 | 250307b ||||| |||| 00| 0 eng d | ||
| 040 |
_bEnglish. _cCvSU-CCAT Campus Library. _erda. |
||
| 050 |
_aUM HF 5382 _bM47 2011 |
||
| 100 |
_aMercado, Joana June L., author. _914776 |
||
| 245 |
_aCourse preferences of 4th year secondary students of selected High School in Rosario, Cavite _cJoana June L. Mercado and Hiyasmin Jimina B. Punongbayan. |
||
| 260 |
_aRosario, Cavite : _bCavite State University-CCAT Campus, _c2011 |
||
| 300 |
_ax, 35 leaves : _billustrations ; _c28 cm |
||
| 500 | _aUndergraduate Thesis (BSIE) -- Cavite State University-CCAT Campus, 2011. | ||
| 504 | _aIncludes bibliographical references and appendices. | ||
| 520 | _aLink | ||
| 546 | _aIn English text | ||
| 650 |
_aCourse preferences -- Secondary students. _915273 |
||
| 650 |
_aCareer choice -- High school seniors. _915274 |
||
| 650 |
_aStudent interests. _915275 |
||
| 650 |
_aProgram selection -- Secondary students. _915276 |
||
| 700 |
_aPunongbayan, Hiyasmin Jimina B., author. _914777 |
||
| 700 |
_aLisondra, Remedios G., adviser. _99972 |
||
| 942 |
_2lcc _cT/M/D _kUM _hHF 5382 M47 2011 |
||
| 999 |
_c3926 _d3926 |
||